00645nam a22002057a 450000500170000001000130001702000220003003500130005203700160006504000120008108200160009310000190010924500660012826000470019427000450024130000240028650000550031065000350036565000390040020170124110042.0 aA-805976 c00.00a818597277X aA-805976 bCen Lib/Ret aDPLbEN a808.88bSUR aSurender Singh aPrincely life in Indian English writings /cby Surender Singh aNew DelhibReliance Publishing Housec1995 a3026/7H, Ranjit NagarbNew Delhie110008 axiv,167p.c21cm(Hb) aIncludes bibliographical references and index  aKings and rulers in literature aCourts and courtiers in literature